| 000 | 00750nam a22002177a 4500 | ||
|---|---|---|---|
| 003 | PILC | ||
| 005 | 20150305132101.0 | ||
| 008 | 150305b xxu||||| |||| 00| 0 eng d | ||
| 050 |
_aBF 698.9.O3 _b.Am524 2014 |
||
| 100 | _aAmora, Naomi B. | ||
| 245 |
_aPersonality type and work values of the regular employees of Dreamwork Constraction Inc. / _cNaomi B. Amora. |
||
| 260 |
_aLas PiƱas City, Philippines : _bSouthville International School and Colleges, _cc2014. |
||
| 300 |
_a74 pages : _billustrations ; _c28 cm. |
||
| 521 | _aPsychology | ||
| 650 | _aPersonality and occupation. | ||
| 650 |
_aEmployees _xPsychology. |
||
| 650 |
_aEmployees _xAttitude. |
||
| 650 | _aPerformance. | ||
| 650 | _aPersonality assessment. | ||
| 942 |
_2lcc _cBK |
||
| 999 |
_c283729 _d283729 |
||